000 00732nam a2200205 i 4500
003 IT-RoINE
005 20200909043451.0
008 181109s sp aj|||r|||| 000|||spa|d
020 _a9788492389513
040 _cIT-RoINE
_dIT-RoINE
245 _aEl señorío de Pedraza :
_btres linajes en su historia /
_c[Luciano Municio Gómez]
260 _a[Segovia] :
_bFundación Villa de Pedraza,
_c[2010]
300 _a85 p. :
_bil. bl. y n., tab. geneal. ;
_c21 cm.
336 _2rdacontent
_atext
337 _2rdamedia
_aunmediated
338 _2rdacarrier
_avolume
504 _aIncluye referencias bibliográficas en las notas a pie de página.
650 4 _954211
_aSeñoríos
_zEspaña
_zPedraza
_xHistoria
942 _cMTS
999 _c27492
_d27492